| 000 | 01317nam a22002897a 4500 | ||
|---|---|---|---|
| 005 | 20160407170232.0 | ||
| 008 | 160407b2015 ck ado fr|||| 00| 0 spa d | ||
| 020 | _a9588317854 | ||
| 040 |
_aCO-BoIAVH _cCO-BoIAVH |
||
| 041 | 0 | _aspa | |
| 044 | _ack | ||
| 082 | 0 | 4 |
_a561.45 _bC35a |
| 100 | 1 | _aCastro Rodríguez, Sandra Yanneth | |
| 245 | 1 | 0 |
_aAsaí (Euterpe precatoria) : _bCadena de valor en el sur de la región amazónica / _cSandra Yannet Castro Rodríguez [y otros 3] |
| 250 | _aPrimera edición | ||
| 260 |
_aBogotá : _bInstituto Amazónico de Investigaciones Científicas - Sinchi, _c2015. |
||
| 300 |
_a141 páginas : _bilustraciones a color, tablas, gráficas y fotografías a color ; _c24 x 17 centímetros |
||
| 504 | _aIncluye referencias bibliográficas: páginas 137-141 | ||
| 650 | 4 |
_aEuterpe Precatoria _xplan de manejo _zAmazonía (Región, Colombia) |
|
| 650 | 6 |
_aArecaceae _xplan de manejo _zAmazonía (Región, Colombia) |
|
| 650 | 6 |
_aPalmas _xplan de manejo _zAmazonía (Región, Colombia) |
|
| 650 | 6 |
_aEuterpe _zAmazonía (Región, Colombia) |
|
| 700 | 1 |
_aBarrera García, Jaime Alberto _eautor |
|
| 700 | 1 |
_aCarrillo Bautista, Marcela Piedad _eautora |
|
| 700 | 1 |
_aHernández Gómez, María Soledad _eautora |
|
| 942 |
_2ddc _cLIBRO |
||
| 999 |
_c18265 _d18265 |
||